| 000 | 00657nam a22001457a 4500 | ||
|---|---|---|---|
| 020 | _a978-1-4814-0009-1 | ||
| 082 |
_a823 _bDIX/H |
||
| 100 | _aDIXON, FRANKLIN W | ||
| 245 | _aHARDY BOYS ADVENTURES - SHADOWS AT PREDATOR REEF | ||
| 260 |
_aNEW YORK _bALADDIN PAPERBACKS _c2014 |
||
| 300 | _a121 | ||
| 520 | _aFrank and Joe stumble upon a network of underground tunnels hidden beneath Bayport…and realize the aquarium is a secret entry point. Could the aquarium be the newest target of a sinister aquatic smuggling ring? And can the boys snag the gang's mastermind before they end up in treacherous waters? | ||
| 650 |
_aMYSTERY _zUNITED STATES |
||
| 942 | _cBK | ||
| 999 |
_c7822 _d7822 |
||